| 000 | 00359nam a2200133Ia 4500 | ||
|---|---|---|---|
| 999 |
_c21250 _d21250 |
||
| 082 | _aTL.0036 | ||
| 100 | _aLavingia, Krishnakant U. | ||
| 245 | 0 | _aStudy of job satisfaction among school teachers | |
| 260 |
_c1974 _bGujarat University |
||
| 300 | _a457p. + C D - 45 | ||
| 650 | _aTEACHERS - JOB SATISFACTION | ||
| 710 | _aBhatt, Champa L. | ||
| 942 |
_cTH _2ddc |
||